Solid-Lubricant, Polymer - Polymeric and Functionalized Fiber- and Powder Reinforced Composites of Ultra-High Molecular Weight Polyethylene; IOP Conference Series: Earth and Environmental Science; Vol. 115 : Ecology and safety in the technosphere
| Parent link: | IOP Conference Series: Earth and Environmental Science Vol. 115 : Ecology and safety in the technosphere.— 2018.— [012010, 7 p.] |
|---|---|
| Autor corporatiu: | |
| Altres autors: | , , , , |
| Sumari: | Title screen Mechanical and tribotechnical characteristics of solid-lubricant and polymer-polymeric composites of UHMWPE were studied for the sake of design extrudable, wear-resistant, selflubricant polymer mixtures for Additive Manufacturing (AM). Tribotechnical properties of UHMWPE blends with the optimized content of solid lubricant fillers (polytetrafluoroethylene, calcium stearate, molybdenum disulphide, colloidal graphite, boron nitride) were studied under dry sliding friction at different velocities (V=0.3 and 0.5 m/s) and loads (P=60 and 140 N). Also, in order to increase strength and wear-resistance of UHMWPE composites they were reinforced with wollastonite microfibers and aluminum metahydroxide AlO (OH) microparticles preliminary treated (functionalized) in polyorganosiloxane. The comparison on measured mechanical and tribotechnical properties are given with interpretation of the mechanisms of observed phenomenon. |
| Idioma: | anglès |
| Publicat: |
2018
|
| Matèries: | |
| Accés en línia: | http://dx.doi.org/10.1088/1755-1315/115/1/012010 http://earchive.tpu.ru/handle/11683/47017 |
| Format: | Electrònic Capítol de llibre |
| KOHA link: | https://koha.lib.tpu.ru/cgi-bin/koha/opac-detail.pl?biblionumber=657927 |
MARC
| LEADER | 00000nla2a2200000 4500 | ||
|---|---|---|---|
| 001 | 657927 | ||
| 005 | 20240111133846.0 | ||
| 035 | |a (RuTPU)RU\TPU\network\24773 | ||
| 035 | |a RU\TPU\network\24772 | ||
| 090 | |a 657927 | ||
| 100 | |a 20180330d2018 k y0engy50 ba | ||
| 101 | 0 | |a eng | |
| 102 | |a GB | ||
| 105 | |a y z 100zy | ||
| 135 | |a vrgn ---uucaa | ||
| 181 | 0 | |a i | |
| 182 | 0 | |a b | |
| 200 | 0 | |a Solid-Lubricant, Polymer - Polymeric and Functionalized Fiber- and Powder Reinforced Composites of Ultra-High Molecular Weight Polyethylene |f S. V. Panin [et al.] | |
| 203 | |a Text |c electronic | ||
| 210 | |d 2018 | ||
| 300 | |a Title screen | ||
| 320 | |a [References: 13 tit.] | ||
| 330 | |a Mechanical and tribotechnical characteristics of solid-lubricant and polymer-polymeric composites of UHMWPE were studied for the sake of design extrudable, wear-resistant, selflubricant polymer mixtures for Additive Manufacturing (AM). Tribotechnical properties of UHMWPE blends with the optimized content of solid lubricant fillers (polytetrafluoroethylene, calcium stearate, molybdenum disulphide, colloidal graphite, boron nitride) were studied under dry sliding friction at different velocities (V=0.3 and 0.5 m/s) and loads (P=60 and 140 N). Also, in order to increase strength and wear-resistance of UHMWPE composites they were reinforced with wollastonite microfibers and aluminum metahydroxide AlO (OH) microparticles preliminary treated (functionalized) in polyorganosiloxane. The comparison on measured mechanical and tribotechnical properties are given with interpretation of the mechanisms of observed phenomenon. | ||
| 461 | 1 | |0 (RuTPU)RU\TPU\network\2499 |t IOP Conference Series: Earth and Environmental Science | |
| 463 | 1 | |0 (RuTPU)RU\TPU\network\24751 |t Vol. 115 : Ecology and safety in the technosphere |o All-Russian research-to-practice conference, 6–7 March 2017, Yurga, Russian Federation |v [012010, 7 p.] |d 2018 | |
| 610 | 1 | |a электронный ресурс | |
| 610 | 1 | |a труды учёных ТПУ | |
| 610 | 1 | |a порошковые композиты | |
| 610 | 1 | |a армированные композиционные материалы | |
| 610 | 1 | |a полиэтилен | |
| 610 | 1 | |a механические характеристики | |
| 610 | 1 | |a триботехнические характеристики | |
| 610 | 1 | |a СВМПЭ | |
| 610 | 1 | |a смазочные материалы | |
| 610 | 1 | |a адгезия | |
| 701 | 1 | |a Panin |b S. V. |c specialist in the field of material science |c Professor of Tomsk Polytechnic University, Doctor of technical sciences |f 1971- |g Sergey Viktorovich |3 (RuTPU)RU\TPU\pers\32910 |9 16758 | |
| 701 | 1 | |a Aleksenko |b V. O. |c Specialist in the field of material science |c Engineer Tomsk Polytechnic University |f 1991- |g Vladislav Olegovich |3 (RuTPU)RU\TPU\pers\37533 | |
| 701 | 1 | |a Buslovich |b D. |c specialist in material science |c assistant of Tomsk Polytechnic University |f 1993- |g Dmitry |3 (RuTPU)RU\TPU\pers\40084 | |
| 701 | 0 | |a Nguyen Dyk An |c Vietnamese specialist in the field of materials science |c assistant of Tomsk Polytechnic University |f 1986- |3 (RuTPU)RU\TPU\pers\39934 | |
| 701 | 0 | |a Huang Qitao | |
| 712 | 0 | 2 | |a Национальный исследовательский Томский политехнический университет |b Инженерная школа новых производственных технологий |b Отделение материаловедения |3 (RuTPU)RU\TPU\col\23508 |
| 801 | 1 | |a RU |b 63413507 |c 20150101 |g RCR | |
| 801 | 2 | |a RU |b 63413507 |c 20180402 |g RCR | |
| 856 | 4 | |u http://dx.doi.org/10.1088/1755-1315/115/1/012010 | |
| 856 | 4 | |u http://earchive.tpu.ru/handle/11683/47017 | |
| 942 | |c CF | ||